[Event "ONGC 53rd National Premier Chess Championship 2015"]
[Site "Hotel Kasi's Inn,Tiruvarur"]
[Date "2015.11.18"]
[Round "4"]
[Board "5"]
[White "Sethuraman, S.P."]
[Black "Shyam, Sundar M."]
[Result "1-0"]
[WhiteElo "2651"]
[BlackElo "2481"]
[PlyCount "113"]
[EventDate "2015.11.15"]
[EventRounds "13"]
[EventCountry "IND"]

1. d4 Nf6 2. c4 e6 3. g3 d5 4. Bg2 dxc4 5. Nf3 Bb4+ 6. Bd2 a5 7. e3 Nc6 8. O-O
O-O 9. Qc2 e5 10. Nxe5 Nxe5 11. dxe5 Ng4 12. a3 Bxd2 13. Nxd2 Nxe5 14. Qc3 Qf6
15. Rac1 Be6 16. f4 Ng4 17. Qxf6 Nxf6 18. Bxb7 Rab8 19. Bf3 Rxb2 20. Nxc4 Ra2
21. e4 h5 22. Nxa5 Rxa3 23. Nc6 Bh3 24. Rf2 Re8 25. Ne5 Re3 26. Re2 Rxe2 27.
Bxe2 Re7 28. Bd3 g6 29. Nc6 Rd7 30. Ne5 Rd4 31. Bc4 Be6 32. Bxe6 fxe6 33. Rxc7
Nxe4 34. Nxg6 Rd2 35. Ne5 Nf2 36. Nd7 Nh3+ 37. Kf1 h4 38. Nf6+ Kf8 39. Nh7+ Ke8
40. Nf6+ Kd8 41. Rh7 Rf2+ 42. Ke1 Rxh2 43. Rxh4 Ke7 44. Ng4 Rh1+ 45. Kd2 Kd6
46. Nf6 Kc5 47. Ke3 Kc6 48. Kf3 Ng1+ 49. Kf2 Rxh4 50. gxh4 Nh3+ 51. Kg3 Ng1 52.
h5 Ne2+ 53. Kg4 Nd4 54. h6 Nf5 55. h7 Nh6+ 56. Kg5 Nf7+ 57. Kg6 1-0

[Event "ONGC 53rd National Premier Chess Championship 2015"]
[Site "Hotel Kasi's Inn,Tiruvarur"]
[Date "2015.11.18"]
[Round "4"]
[Board "6"]
[White "Karthikeyan, P."]
[Black "Sengupta, Deep"]
[Result "1/2-1/2"]
[WhiteElo "2441"]
[BlackElo "2589"]
[PlyCount "98"]
[EventDate "2015.11.15"]
[EventRounds "13"]
[EventCountry "IND"]

1. Nf3 d5 2. g3 Nf6 3. Bg2 g6 4. b3 Bg7 5. Bb2 O-O 6. O-O c6 7. c4 Bg4 8. d4
Ne4 9. Ne5 Be6 10. cxd5 cxd5 11. Nd2 Nd6 12. Rc1 Nd7 13. Nd3 Nf6 14. Nf4 Bc8
15. Nxd5 Nxd5 16. Bxd5 Nb5 17. Bg2 Nxd4 18. Nc4 Bg4 19. Bxd4 Qxd4 20. Qxd4 Bxd4
21. e3 Bf6 22. Bxb7 Rad8 23. Kg2 Rd7 24. Bf3 Be6 25. Rfd1 Rfd8 26. Rxd7 Rxd7
27. Kf1 Rc7 28. Rc2 Rc5 29. Ke2 Kg7 30. Be4 Kf8 31. Nd2 Ra5 32. a4 Ra6 33. Nc4
h5 34. Bb7 Bxc4+ 35. Rxc4 Rb6 36. Rc8+ Kg7 37. Bd5 e6 38. Bc4 a5 39. Rc7 Be5
40. Rc5 Bc3 41. Bb5 Bb4 42. Rc7 Kf8 43. f4 Rd6 44. Bd3 Rd5 45. Rb7 Rd8 46. h3
Rc8 47. Bc4 Rd8 48. Bd3 Rc8 49. Bc4 Rd8 1/2-1/2

[Event "ONGC 53rd National Premier Chess Championship 2015"]
[Site "Hotel Kasi's Inn,Tiruvarur"]
[Date "2015.11.18"]
[Round "4"]
[Board "7"]
[White "Karthikeyan, Murali"]
[Black "Neelotpal, Das"]
[Result "1-0"]
[WhiteElo "2498"]
[BlackElo "2475"]
[PlyCount "67"]
[EventDate "2015.11.15"]
[EventRounds "13"]
[EventCountry "IND"]

1. e4 e5 2. Nf3 Nc6 3. Bb5 a6 4. Bxc6 dxc6 5. O-O Qe7 6. d4 f6 7. dxe5 fxe5 8.
Qd3 Nf6 9. Nbd2 Bg4 10. Nc4 Nd7 11. Qc3 Bxf3 12. Qxf3 Qe6 13. Qc3 Bc5 14. Be3
Bxe3 15. Nxe3 O-O-O 16. a4 Nf6 17. f3 Rd4 18. b4 b6 19. Nf5 Rd7 20. Ne3 Rd4 21.
Qe1 Kb7 22. Nd1 g5 23. a5 g4 24. axb6 cxb6 25. c3 Rd7 26. fxg4 Nxg4 27. Qe2 Ra8
28. Nb2 Nf6 29. Na4 Rg7 30. Qf2 Nd7 31. Qxb6+ Kc8 32. Qe3 Kb7 33. Rad1 Rag8 34.
Rxd7+ 1-0

[Event "ONGC 53rd National Premier Chess Championship 2015"]
[Site "Hotel Kasi's Inn,Tiruvarur"]
[Date "2015.11.19"]
[Round "5"]
[Board "1"]
[White "Neelotpal, Das"]
[Black "Venkatesh, M.R."]
[Result "1/2-1/2"]
[WhiteElo "2475"]
[BlackElo "2464"]
[PlyCount "85"]
[EventDate "2015.11.15"]
[EventRounds "13"]
[EventCountry "IND"]

1. e4 e5 2. Nf3 Nc6 3. Bb5 Nge7 4. Nc3 d6 5. d4 a6 6. Be2 Nxd4 7. Nxd4 exd4 8.
Qxd4 Nc6 9. Qd3 Nb4 10. Qd1 Be7 11. a3 Nc6 12. Nd5 O-O 13. O-O Bh4 14. g3 Bf6
15. c3 Re8 16. Qc2 Be6 17. f4 Bxd5 18. exd5 Ne7 19. Bf3 c6 20. dxc6 bxc6 21.
Bd2 Qb6+ 22. Kg2 Rab8 23. b4 Nd5 24. Rae1 Ne3+ 25. Bxe3 Rxe3 26. Rxe3 Qxe3 27.
Bxc6 Qxc3 28. Qxc3 Bxc3 29. Rf2 a5 30. b5 d5 31. Kf3 Kf8 32. Ke3 Ke7 33. Kd3
Bf6 34. g4 h6 35. a4 Kd6 36. g5 hxg5 37. fxg5 Bxg5 38. Rxf7 Bf6 39. Rd7+ Kc5
40. Rxd5+ Kb6 41. h3 Rd8 42. Rxd8 Bxd8 43. Ke4 1/2-1/2

[Event "ONGC 53rd National Premier Chess Championship 2015"]
[Site "Hotel Kasi's Inn,Tiruvarur"]
[Date "2015.11.19"]
[Round "5"]
[Board "2"]
[White "Sengupta, Deep"]
[Black "Karthikeyan, Murali"]
[Result "0-1"]
[WhiteElo "2589"]
[BlackElo "2498"]
[PlyCount "118"]
[EventDate "2015.11.15"]
[EventRounds "13"]
[EventCountry "IND"]

1. e4 g6 2. d4 Bg7 3. Nc3 d6 4. Nf3 Nf6 5. Be2 O-O 6. O-O c6 7. a4 a5 8. Be3
Nbd7 9. h3 e5 10. dxe5 dxe5 11. Qd2 Qe7 12. Qc1 Nc5 13. Nd2 Be6 14. b3 Rfd8 15.
Qa3 Bf8 16. Bc4 Nh5 17. Bxe6 Qxe6 18. Qc1 Qf6 19. Nc4 Ne6 20. Rd1 Nhf4 21. Rxd8
Rxd8 22. Qf1 Nd4 23. Rd1 Nxc2 24. Bxf4 exf4 25. e5 Qe7 26. Rd6 f3 27. Qd1 Qg5
28. g3 Bxd6 29. exd6 Nb4 30. Ne4 Qf5 31. Qd4 Nd5 32. g4 Qe6 33. Kh2 f5 34. Ng5
Qf6 35. Qxf6 Nxf6 36. Ne6 Re8 37. Nc5 fxg4 38. Nxb7 Re2 39. hxg4 Rxf2+ 40. Kg3
Rc2 41. g5 Nd7 42. Nbxa5 Rc3 43. Nxc6 Nc5 44. Nd2 Rd3 45. b4 f2+ 46. Kg2 Rxd6
47. bxc5 Rxd2 48. Na7 Rc2 49. c6 Kf7 50. a5 Ke8 51. a6 Kd8 52. Nb5 Rxc6 53. a7
Ra6 54. Kxf2 Kd7 55. Kf3 Kc6 56. Nc3 Rxa7 57. Ne4 Kd5 58. Nf6+ Ke5 59. Kg4 h5+
 0-1

[Event "ONGC 53rd National Premier Chess Championship 2015"]
[Site "Hotel Kasi's Inn,Tiruvarur"]
[Date "2015.11.19"]
[Round "5"]
[Board "3"]
[White "Shyam, Sundar M."]
[Black "Karthikeyan, P."]
[Result "1-0"]
[WhiteElo "2481"]
[BlackElo "2441"]
[PlyCount "63"]
[EventDate "2015.11.15"]
[EventRounds "13"]
[EventCountry "IND"]

1. c4 Nf6 2. Nc3 c5 3. Nf3 g6 4. d4 cxd4 5. Nxd4 Bg7 6. e4 O-O 7. Be2 Nc6 8.
Be3 b6 9. Qd2 Bb7 10. f3 Nh5 11. Ndb5 f5 12. exf5 gxf5 13. Rd1 Ne5 14. Nd5 Rf7
15. O-O Qf8 16. f4 Ng4 17. Bxg4 fxg4 18. Ndc7 Rc8 19. Qxd7 e6 20. Qxe6 Kh8 21.
Nd5 Re8 22. Qxg4 Nf6 23. Qf3 a6 24. Nbc3 b5 25. b3 Rc8 26. Qe2 bxc4 27. bxc4
Nd7 28. Bd4 Bxd4+ 29. Rxd4 Qc5 30. Qf2 Ne5 31. Ne4 Qf8 32. Ng5 1-0

[Event "ONGC 53rd National Premier Chess Championship 2015"]
[Site "Hotel Kasi's Inn,Tiruvarur"]
[Date "2015.11.19"]
[Round "5"]
[Board "4"]
[White "K., Praneeth Surya"]
[Black "Sethuraman, S.P."]
[Result "1-0"]
[WhiteElo "2413"]
[BlackElo "2651"]
[PlyCount "93"]
[EventDate "2015.11.15"]
[EventRounds "13"]
[EventCountry "IND"]

1. e4 c5 2. Nf3 e6 3. g3 Nc6 4. Bg2 Nf6 5. Qe2 e5 6. O-O Be7 7. c3 O-O 8. d3
Re8 9. Na3 Bf8 10. Bg5 h6 11. Bxf6 Qxf6 12. Nc4 d6 13. Ne3 Ne7 14. Nd2 g5 15.
Kh1 Bg7 16. c4 Bd7 17. Nb1 Nc6 18. Nc3 Nd4 19. Qd1 Rad8 20. Ne2 Nc6 21. Rb1 Qg6
22. f4 exf4 23. gxf4 Qh5 24. Bf3 Qh4 25. Ng2 Qh3 26. Ng1 Qe6 27. f5 Qe7 28. Ne3
Nd4 29. f6 Bxf6 30. Nd5 Qe5 31. Bh5 Bg7 32. Bxf7+ Kh8 33. Bxe8 Qxe8 34. Nf6
Bxf6 35. Rxf6 Bc6 36. Rf2 Kg7 37. Qg4 Rd7 38. Rbf1 Re7 39. Nf3 Ne6 40. Nh4 Kh7
41. Nf5 h5 42. Qg3 h4 43. Qg4 Rd7 44. Ne3 Rg7 45. Rf6 Nf4 46. Nf5 Rg6 47. Rxf4
 1-0

[Event "ONGC 53rd National Premier Chess Championship 2015"]
[Site "Hotel Kasi's Inn,Tiruvarur"]
[Date "2015.11.19"]
[Round "5"]
[Board "5"]
[White "Rathnakaran, K."]
[Black "Das, Arghyadip"]
[Result "1/2-1/2"]
[WhiteElo "2447"]
[BlackElo "2456"]
[PlyCount "72"]
[EventDate "2015.11.15"]
[EventRounds "13"]
[EventCountry "IND"]

1. e4 c5 2. Nf3 d6 3. c3 Nf6 4. Bd3 Nc6 5. Bc2 Bg4 6. h3 Bh5 7. d3 e6 8. O-O
Qc7 9. Bf4 Be7 10. Nbd2 O-O 11. g4 Bg6 12. Nh4 Qd8 13. Bg3 d5 14. e5 Nd7 15.
Nxg6 fxg6 16. Qe2 g5 17. a3 a5 18. Bh2 Qb6 19. Rab1 Rf7 20. h4 Raf8 21. h5 Qa6
22. Rbe1 Bd8 23. Qe3 h6 24. Qh3 Bc7 25. d4 cxd4 26. Bg6 Re7 27. Nf3 dxc3 28.
bxc3 Bb6 29. Kg2 Qc4 30. Nd2 Qa2 31. Qd3 Nc5 32. Qe2 d4 33. Nc4 Qxe2 34. Rxe2
Bc7 35. cxd4 Nxd4 36. Re3 Nc6 1/2-1/2

[Event "ONGC 53rd National Premier Chess Championship 2015"]
[Site "Hotel Kasi's Inn,Tiruvarur"]
[Date "2015.11.19"]
[Round "5"]
[Board "6"]
[White "Shyaamnikhil, P"]
[Black "Swapnil, S. Dhopade"]
[Result "0-1"]
[WhiteElo "2436"]
[BlackElo "2497"]
[PlyCount "112"]
[EventDate "2015.11.15"]
[EventRounds "13"]
[EventCountry "IND"]

1. e4 c6 2. d4 d5 3. Nc3 dxe4 4. Nxe4 Bf5 5. Ng3 Bg6 6. h4 h6 7. Nf3 Nd7 8. h5
Bh7 9. Bd3 Bxd3 10. Qxd3 e6 11. Bd2 Ngf6 12. O-O-O Be7 13. Kb1 O-O 14. Ne4 Nxe4
15. Qxe4 Nf6 16. Qe2 Qd5 17. Be3 Qb5 18. c4 Qf5+ 19. Ka1 c5 20. Ne5 cxd4 21.
Bxd4 Rfd8 22. Qe3 Bd6 23. g4 Qe4 24. Qxe4 Nxe4 25. Nd3 Be7 26. Be3 Bf6 27. f3
Nd6 28. c5 Nc4 29. Bc1 Rd5 30. Kb1 Rad8 31. Kc2 Ne5 32. Nxe5 Rxc5+ 33. Kb3 Rxe5
34. Rxd8+ Bxd8 35. Rd1 Bf6 36. a4 Rd5 37. Rxd5 exd5 38. Be3 a6 39. Kc2 Kf8 40.
Bb6 Ke7 41. b4 Kd6 42. Kd3 Kc6 43. Be3 b5 44. a5 Kd6 45. Bd2 Bb2 46. Be3 Ke5
47. f4+ Ke6 48. Bd4 Bxd4 49. Kxd4 g6 50. Kc5 f5 51. hxg6 fxg4 52. f5+ Kf6 53.
Kd6 g3 54. g7 Kxg7 55. Ke7 g2 56. f6+ Kh7 0-1

[Event "ONGC 53rd National Premier Chess Championship 2015"]
[Site "Hotel Kasi's Inn,Tiruvarur"]
[Date "2015.11.19"]
[Round "5"]
[Board "7"]
[White "Vidit, Santosh Gujrathi"]
[Black "Kunte, Abhijit"]
[Result "1-0"]
[WhiteElo "2651"]
[BlackElo "2515"]
[PlyCount "69"]
[EventDate "2015.11.15"]
[EventRounds "13"]
[EventCountry "IND"]

1. d4 Nf6 2. c4 e6 3. Nc3 Bb4 4. Qc2 d6 5. Bg5 O-O 6. e3 b6 7. Nge2 c5 8. a3
Bxc3+ 9. Nxc3 cxd4 10. exd4 Bb7 11. Be2 h6 12. Bh4 Nbd7 13. O-O Qe7 14. b4 Rfc8
15. Qb3 a6 16. Rfe1 Qf8 17. Rac1 a5 18. Bg3 Ne4 19. Nxe4 Bxe4 20. Qb2 Bc6 21.
d5 exd5 22. cxd5 Ba4 23. h3 axb4 24. axb4 Ne5 25. b5 Ra5 26. Bxe5 dxe5 27. Rc6
Rd8 28. Bc4 Qe7 29. Rxe5 Qh4 30. d6 Ra7 31. Qe2 Kf8 32. Rc7 Rxc7 33. dxc7 Rc8
34. Qd3 Bc2 35. Qd7 1-0

[Event "ONGC 53rd National Premier Chess Championship 2015"]
[Site "Hotel Kasi's Inn,Tiruvarur"]
[Date "2015.11.20"]
[Round "6"]
[Board "1"]
[White "Venkatesh, M.R."]
[Black "Kunte, Abhijit"]
[Result "1-0"]
[WhiteElo "2464"]
[BlackElo "2515"]
[PlyCount "109"]
[EventDate "2015.11.15"]
[EventRounds "13"]
[EventCountry "IND"]

1. e4 e5 2. Nf3 Nc6 3. d4 exd4 4. Nxd4 Nf6 5. Nxc6 bxc6 6. Qe2 d6 7. Nc3 Be7 8.
Be3 O-O 9. O-O-O Ng4 10. Bd2 f5 11. h3 Ne5 12. exf5 Bxf5 13. f4 Ng6 14. g4 Bd7
15. f5 Ne5 16. Ne4 d5 17. Bc3 Nc4 18. h4 Rb8 19. Qf2 Nb6 20. Qd4 Rf7 21. Ng5
Bxg5+ 22. hxg5 Qxg5+ 23. Bd2 Qf6 24. Be3 Na4 25. g5 Qxd4 26. Rxd4 Nxb2 27. g6
Rxf5 28. gxh7+ Kh8 29. Rdh4 c5 30. Bxc5 Na4 31. Bxa7 Ra8 32. Bd4 c5 33. Bxg7+
Kxg7 34. h8=Q+ Rxh8 35. Rg1+ Kf6 36. Rxh8 Nc3 37. Bd3 Ne4 38. Bxe4 dxe4 39.
Rf8+ Ke5 40. Rxf5+ Bxf5 41. Kd2 Kd4 42. Rg3 Bd7 43. Ra3 Bc6 44. c3+ Kc4 45. Ra5
Bb7 46. a4 Bc6 47. Ra6 Be8 48. a5 Kb5 49. Re6 Bd7 50. Re7 Bc8 51. Ke3 Kxa5 52.
Rc7 Ba6 53. Rxc5+ Kb6 54. Re5 Bd3 55. Kd4 1-0

[Event "ONGC 53rd National Premier Chess Championship 2015"]
[Site "Hotel Kasi's Inn,Tiruvarur"]
[Date "2015.11.20"]
[Round "6"]
[Board "2"]
[White "Swapnil, S. Dhopade"]
[Black "Vidit, Santosh Gujrathi"]
[Result "1/2-1/2"]
[WhiteElo "2497"]
[BlackElo "2651"]
[PlyCount "50"]
[EventDate "2015.11.15"]
[EventRounds "13"]
[EventCountry "IND"]

1. d4 Nf6 2. Nf3 g6 3. c4 Bg7 4. Nc3 d5 5. Qb3 c5 6. cxd5 O-O 7. e3 cxd4 8.
Nxd4 b6 9. Bc4 Bb7 10. O-O Nbd7 11. Rd1 Nc5 12. Qc2 Rc8 13. Nc6 Bxc6 14. dxc6
Qe8 15. b3 Qxc6 16. Bb2 Nce4 17. Nxe4 Nxe4 18. Bxg7 Kxg7 19. Rd4 Nd6 20. Qd2
Nxc4 21. Rxc4 Qf6 22. Rxc8 Rxc8 23. Rc1 Rxc1+ 24. Qxc1 h5 25. g3 h4 1/2-1/2

[Event "ONGC 53rd National Premier Chess Championship 2015"]
[Site "Hotel Kasi's Inn,Tiruvarur"]
[Date "2015.11.20"]
[Round "6"]
[Board "3"]
[White "Das, Arghyadip"]
[Black "Shyaamnikhil, P"]
[Result "1/2-1/2"]
[WhiteElo "2456"]
[BlackElo "2436"]
[PlyCount "51"]
[EventDate "2015.11.15"]
[EventRounds "13"]
[EventCountry "IND"]

1. e4 e5 2. Bc4 Nf6 3. d3 Nc6 4. Nf3 Bc5 5. O-O O-O 6. c3 d5 7. exd5 Nxd5 8.
Re1 Nb6 9. Bb5 Bd6 10. Bxc6 bxc6 11. Nxe5 Re8 12. d4 f6 13. Nf3 Rxe1+ 14. Qxe1
Bg4 15. Nbd2 Qd7 16. Qf1 Re8 17. c4 Bb4 18. h3 Bh5 19. Qd3 Bf7 20. a3 Bxd2 21.
Bxd2 Nxc4 22. Bc3 Qd5 23. Nd2 Nd6 24. Qf3 Qg5 25. Qg4 Qd5 26. Qf3 1/2-1/2

[Event "ONGC 53rd National Premier Chess Championship 2015"]
[Site "Hotel Kasi's Inn,Tiruvarur"]
[Date "2015.11.20"]
[Round "6"]
[Board "4"]
[White "Sethuraman, S.P."]
[Black "Rathnakaran, K."]
[Result "0-1"]
[WhiteElo "2651"]
[BlackElo "2447"]
[PlyCount "48"]
[EventDate "2015.11.15"]
[EventRounds "13"]
[EventCountry "IND"]

1. d4 Nf6 2. c4 c5 3. Nf3 cxd4 4. Nxd4 e5 5. Nb5 d5 6. cxd5 Bc5 7. N5c3 O-O 8.
g3 Qb6 9. e3 Bg4 10. Be2 Bxe2 11. Qxe2 e4 12. Nd2 Re8 13. a3 Nbd7 14. b4 Bf8
15. Bb2 a6 16. O-O Qc7 17. Rad1 Qe5 18. Kg2 Rac8 19. Nc4 Qf5 20. Na5 Ne5 21.
Ba1 Nf3 22. Nxe4 Nh4+ 23. gxh4 Rxe4 24. Bxf6 Rc2 0-1

[Event "ONGC 53rd National Premier Chess Championship 2015"]
[Site "Hotel Kasi's Inn,Tiruvarur"]
[Date "2015.11.20"]
[Round "6"]
[Board "5"]
[White "Karthikeyan, P."]
[Black "K., Praneeth Surya"]
[Result "1-0"]
[WhiteElo "2441"]
[BlackElo "2413"]
[PlyCount "137"]
[EventDate "2015.11.15"]
[EventRounds "13"]
[EventCountry "IND"]

1. e4 c5 2. Nf3 d6 3. d4 cxd4 4. Nxd4 Nf6 5. Nc3 a6 6. Bg5 Nbd7 7. Qe2 h6 8.
Bh4 g6 9. f4 e5 10. fxe5 dxe5 11. O-O-O Qc7 12. Nb3 b5 13. Nd5 Nxd5 14. exd5
Bd6 15. Qd2 Kf8 16. g4 a5 17. Kb1 a4 18. Nc1 a3 19. b3 Nc5 20. Bd3 Bxg4 21. Bf6
Rh7 22. Rde1 Rc8 23. Rhf1 Kg8 24. Bxb5 Rb8 25. c4 Bd7 26. Bxd7 Nxd7 27. Qc2
Nxf6 28. Rxf6 Qe7 29. Qf2 Kg7 30. Rf1 Kg8 31. Nd3 e4 32. c5 exd3 33. cxd6 Qe4
34. Rf4 Qxd5 35. Rd4 Qf5 36. Qxf5 gxf5 37. Rxd3 Rd8 38. Rxf5 Rg7 39. Rf2 Rc8
40. Rg3 Rxg3 41. hxg3 Rd8 42. Rd2 f5 43. Kc2 Kf7 44. b4 Ke6 45. Rh2 Kxd6 46.
Rxh6+ Ke5 47. Rg6 Kd4 48. Kb3 Rc8 49. Kxa3 Kc4 50. Ra6 Rg8 51. Rc6+ Kd4 52. b5
Rxg3+ 53. Kb4 f4 54. Rc4+ Ke5 55. b6 Rg1 56. Kc5 Rb1 57. Rc3 Ke4 58. Rb3 Rc1+
59. Kd6 f3 60. Rb2 Rd1+ 61. Kc7 Rc1+ 62. Kd7 Rd1+ 63. Ke7 Ke3 64. b7 f2 65.
b8=Q f1=Q 66. Qe5+ Kf3 67. Rb3+ Kg2 68. Rg3+ Kh1 69. Qh5+ 1-0

[Event "ONGC 53rd National Premier Chess Championship 2015"]
[Site "Hotel Kasi's Inn,Tiruvarur"]
[Date "2015.11.20"]
[Round "6"]
[Board "6"]
[White "Karthikeyan, Murali"]
[Black "Shyam, Sundar M."]
[Result "1/2-1/2"]
[WhiteElo "2498"]
[BlackElo "2481"]
[PlyCount "120"]
[EventDate "2015.11.15"]
[EventRounds "13"]
[EventCountry "IND"]

1. e4 e5 2. Nf3 Nc6 3. Bb5 a6 4. Ba4 Nf6 5. O-O Nxe4 6. d4 b5 7. Bb3 d5 8. dxe5
Be6 9. Qe2 Be7 10. Rd1 O-O 11. c4 bxc4 12. Bxc4 Qd7 13. Nc3 Nxc3 14. bxc3 Rfb8
15. Bb3 Na5 16. Bc2 c5 17. Qd3 g6 18. Ng5 Bxg5 19. Bxg5 Bf5 20. Qe2 Bxc2 21.
Qxc2 Nc4 22. Bf6 Qe6 23. Re1 h6 24. Rad1 Kh7 25. Qc1 Qf5 26. Rxd5 Rb2 27. Rf1
Rab8 28. Qe1 Rxa2 29. Qd1 Rab2 30. Qd3 Qxd3 31. Rxd3 a5 32. Rd7 R2b7 33. e6 Kg8
34. exf7+ Kf8 35. Be7+ Kxf7 36. Rxb7 Rxb7 37. Bxc5 Rb3 38. f4 Rxc3 39. Ra1 Ke6
40. g4 Rf3 41. Rf1 Rxf1+ 42. Kxf1 Kd5 43. Bf8 Ne3+ 44. Ke2 Nxg4 45. h3 Nf6 46.
Bxh6 Ke4 47. Kd2 Nd5 48. Kc2 Nxf4 49. Kb3 Nxh3 50. Ka4 Nf2 51. Kxa5 Ng4 52. Bg5
Kf5 53. Bd2 Ke4 54. Bg5 Kf5 55. Bd2 Nf6 56. Kb4 Nd5+ 57. Kc4 Nf4 58. Kd4 g5 59.
Ke3 g4 60. Kf2 g3+ 1/2-1/2

[Event "ONGC 53rd National Premier Chess Championship 2015"]
[Site "Hotel Kasi's Inn,Tiruvarur"]
[Date "2015.11.20"]
[Round "6"]
[Board "7"]
[White "Neelotpal, Das"]
[Black "Sengupta, Deep"]
[Result "1/2-1/2"]
[WhiteElo "2475"]
[BlackElo "2589"]
[PlyCount "139"]
[EventDate "2015.11.15"]
[EventRounds "13"]
[EventCountry "IND"]

1. d4 Nf6 2. c4 e6 3. Nf3 b6 4. e3 Bb7 5. Bd3 c5 6. O-O Be7 7. Nc3 O-O 8. d5
exd5 9. cxd5 d6 10. e4 Nbd7 11. h3 a6 12. a4 Ne8 13. Bf4 Bf6 14. Nd2 Ne5 15.
Be2 Ng6 16. Bh2 Be5 17. Nc4 Bxh2+ 18. Kxh2 Rb8 19. f4 Nf6 20. Bd3 Ba8 21. Na3
Bb7 22. Qf3 Nd7 23. Rae1 Kh8 24. g4 Bc8 25. Qg3 Bb7 26. Nc4 Nf6 27. g5 Nh5 28.
Qg4 Nhxf4 29. Rxf4 b5 30. axb5 axb5 31. Ne3 c4 32. Bf1 Bc8 33. Nf5 Nxf4 34.
Qxf4 Bxf5 35. exf5 b4 36. Ne4 c3 37. f6 g6 38. bxc3 bxc3 39. Nxc3 Qa5 40. Re3
Qc5 41. Bg2 Rb3 42. Nd1 Rb4 43. Qg3 h5 44. gxh6 Rb1 45. Nc3 Rb3 46. h7 Qd4 47.
Rf3 Ra8 48. Ne2 Rxf3 49. Nxd4 Rxg3 50. Kxg3 Ra3+ 51. Bf3 Kxh7 52. Nb5 Ra6 53.
Bg4 Kh6 54. Bd7 Kg5 55. Bc6 Kxf6 56. Nxd6 Ra3+ 57. Kg4 Rd3 58. Nb7 Ke5 59. d6
Rxd6 60. Nxd6 Kxd6 61. Ba4 f6 62. Be8 Ke7 63. Bxg6 Kf8 64. Kf5 Kg7 65. h4 Kh8
66. Kxf6 Kg8 67. h5 Kh8 68. h6 Kg8 69. h7+ Kh8 70. Kf7 1/2-1/2

[Event "ONGC 53rd National Premier Chess Championship 2015"]
[Site "Hotel Kasi's Inn,Tiruvarur"]
[Date "2015.11.22"]
[Round "7"]
[Board "1"]
[White "Sengupta, Deep"]
[Black "Venkatesh, M.R."]
[Result "1/2-1/2"]
[WhiteElo "2589"]
[BlackElo "2464"]
[PlyCount "0"]
[EventDate "2015.11.15"]
[EventRounds "13"]
[EventCountry "IND"]

1. e4 e5 2. Nf3 Nc6 3. Bb5 a6 4. Ba4 Nf6 5. O-O Bc5 6. c3 b5 7. Bc2 d5 8. d4
dxe4 9. dxc5 Qxd1 10. Bxd1 exf3 11. Bxf3 e4 12. Bd1 O-O 13. Bc2 Re8 14. Re1 Bb7
15. Bg5 Rad8 16. b4 Ne5 17. a4 Bc6 18. axb5 axb5 19. Ra6 h6 20. Be3 Nfg4 21.
Bd4 Nd3 22. Rd1 Ba8 23. Na3 Rb8 24. f3 Nge5 25. fxe4 Nf4 26. Re1 Ned3 27. Re3
Bxe4 28. g3 Nh3+ 29. Kf1 Ndf2 30. Bxe4 Nxe4 31. Kg2 Nhf2 32. Ra5 c6 33. Kf3 Re6
34. Re1 Rbe8 35. Nc2 Nd3 36. Re3 Nb2 37. Ra1 Nc4 38. Ree1 Ng5+ 39. Kf2 Ne4+ 40.
Kg2 R8e7 41. Na3 Nxa3 42. Rxa3 Nxc5 43. Ra8+ Kh7 44. Bxc5 Rxe1 45. Bxe7 Rxe7
46. Rc8 Re6 47. Rc7 f5 48. Kf3 Kg6 49. h4 Kf6 50. h5 g5 51. hxg6 Kxg6 52. Rd7
Kf6 53. Rd4 Kg5 54. Rd8 Re4 55. Rg8+ Kf6 56. Rf8+ Ke5 57. Re8+ Kd5 58. Rf8 Rc4
59. Rxf5+ Ke6 60. Rh5 Rxc3+ 61. Kf2 Rc2+ 62. Kf3 Rc3+ 63. Kf2 Rc2+ 1/2-1/2

[Event "ONGC 53rd National Premier Chess Championship 2015"]
[Site "Hotel Kasi's Inn,Tiruvarur"]
[Date "2015.11.22"]
[Round "7"]
[Board "2"]
[White "Shyam, Sundar M."]
[Black "Neelotpal, Das"]
[Result "1/2-1/2"]
[WhiteElo "2481"]
[BlackElo "2475"]
[PlyCount "0"]
[EventDate "2015.11.15"]
[EventRounds "13"]
[EventCountry "IND"]

1. c4 c5 2. Nf3 Nc6 3. Nc3 e5 4. e3 Nf6 5. d4 e4 6. Ne5 g6 7. Be2 Qe7 8. Nxc6
dxc6 9. dxc5 Qxc5 10. Qd4 Be7 11. Qxc5 Bxc5 12. Bd2 O-O 13. O-O-O Re8 14. h3 h5
15. Na4 Bf8 16. Bc3 Nd7 17. g4 h4 18. Rd2 Nb6 19. Nxb6 axb6 20. Rhd1 Be6 21. a3
Bg7 22. Bxg7 Kxg7 23. Rd4 f5 24. g5 Re7 25. f4 exf3 26. Bxf3 Bf7 27. R1d3 Ra4
28. b3 Rxa3 29. Rxh4 b5 30. cxb5 Rxb3 31. Rxb3 Bxb3 32. bxc6 1/2-1/2

[Event "ONGC 53rd National Premier Chess Championship 2015"]
[Site "Hotel Kasi's Inn,Tiruvarur"]
[Date "2015.11.22"]
[Round "7"]
[Board "3"]
[White "K., Praneeth Surya"]
[Black "Karthikeyan, Murali"]
[Result "1/2-1/2"]
[WhiteElo "2413"]
[BlackElo "2498"]
[PlyCount "0"]
[EventDate "2015.11.15"]
[EventRounds "13"]
[EventCountry "IND"]

1. e4 c5 2. Be2 Nc6 3. f4 d6 4. Nf3 g6 5. O-O Bg7 6. d3 e6 7. c3 Nge7 8. Be3
O-O 9. d4 cxd4 10. cxd4 f5 11. e5 Nd5 12. Qd2 g5 13. Nxg5 Nxe3 14. Qxe3 Qb6 15.
Nf3 dxe5 16. fxe5 Rd8 17. Rd1 Qxb2 18. Nc3 f4 19. Qc1 Qxc1 20. Raxc1 Bd7 21.
Ne4 b6 22. Neg5 Nb4 23. Bc4 Nd5 24. Bxd5 exd5 25. Rc7 a5 26. Rdc1 a4 27. Rb7
Rab8 28. Rcc7 Rxb7 29. Rxb7 b5 30. Ne1 h6 31. Ngf3 Bf8 32. Nd3 Bc6 33. Rc7 Be8
34. Nxf4 b4 35. Nd3 Rb8 36. Nd2 b3 37. axb3 axb3 38. Nf4 b2 39. Nxd5 Bg6 40.
Nc3 Bb4 41. Kf2 Ba5 42. Rc6 Bf5 43. Rc5 Bb4 44. Rc4 Ba5 45. Rc5 Bb4 46. Rc4
Bxc3 47. Rxc3 Rb4 48. Ke3 Kf7 49. h3 h5 50. g4 hxg4 51. hxg4 Bxg4 52. Ke4 Ke6
53. Rc6+ Kd7 54. Rg6 Bd1 55. Rg1 Bc2+ 56. Kd5 Rb5+ 1/2-1/2

[Event "ONGC 53rd National Premier Chess Championship 2015"]
[Site "Hotel Kasi's Inn,Tiruvarur"]
[Date "2015.11.22"]
[Round "7"]
[Board "4"]
[White "Rathnakaran, K."]
[Black "Karthikeyan, P."]
[Result "1/2-1/2"]
[WhiteElo "2447"]
[BlackElo "2441"]
[PlyCount "0"]
[EventDate "2015.11.15"]
[EventRounds "13"]
[EventCountry "IND"]

1. e4 e5 2. Nf3 Nc6 3. Bc4 Nf6 4. d3 Be7 5. Nc3 O-O 6. a3 d6 7. h3 Be6 8. Nd5
Nb8 9. Nxe7+ Qxe7 10. Ba2 Bxa2 11. Rxa2 d5 12. Qe2 dxe4 13. dxe4 Nbd7 14. O-O
Nc5 15. b4 Na4 16. Bd2 Rfd8 17. c4 Rd7 18. Rc1 Qe6 19. Bg5 c6 20. Bxf6 Qxf6 21.
c5 Rad8 22. Qc2 Rd3 23. Raa1 Nc3 24. Ne1 Rd2 25. Qxc3 Qxf2+ 26. Kh2 Qf4+ 27.
Qg3 Qxe4 28. Nf3 Re2 29. Re1 f6 30. Ng1 Rxe1 31. Rxe1 Qc4 32. Qf3 a5 33. Re4
Qd5 34. Ne2 axb4 35. axb4 Qe6 36. Re3 Qc4 37. Re4 Qe6 38. Ng3 g6 39. Qe2 Rd5
40. Qa2 Kg7 41. Re2 f5 42. Nf1 e4 43. Qb2+ Qf6 44. Ne3 Qxb2 45. Rxb2 Rd4 46.
Kg3 Kf6 47. Kf2 f4 48. Ng4+ Ke6 49. Ke2 h5 50. Nf2 g5 51. Rb3 Kd5 52. g4 h4 53.
Nd1 f3+ 54. Ke1 Ke5 55. Ne3 Kf4 56. Nf1 Rc4 57. Kd2 Rd4+ 58. Ke1 Rc4 59. Kd2
Rd4+ 1/2-1/2